| 000 | 01221nam a22003617a 4500 | ||
|---|---|---|---|
| 001 | 000007925 | ||
| 003 | CHAP | ||
| 005 | 20220329133546.0 | ||
| 008 | 971013s1992 r 00010 d | ||
| 010 | _a7866 | ||
| 011 | _a8838 | ||
| 035 | _a8070 | ||
| 040 | _cCHAP | ||
| 090 | _aFolleto 14082 | ||
| 110 |
_aColegio de Postgraduados. Chapingo, Méx. _925068 |
||
| 245 | 0 | _aReconocimiento del Colegio de Postgraduados a Don Francisco Merino Rábago. | |
| 260 |
_aChapingo, Méx. : _bEl Colegio, _c1992. |
||
| 300 |
_a11 p. : _b: ilus. |
||
| 590 |
_aBATCH-UPD _b10 _c20130110 _lUCH01 _h1600 |
||
| 590 |
_aBATCH-UPD _b10 _c20130410 _lUCH01 _h0957 |
||
| 590 |
_aBATCH-UPD _b10 _c20130914 _lUCH01 _h0226 |
||
| 590 |
_aCONVERSION _b10 _c20130109 _lUCH01 _h1305 |
||
| 590 |
_aE6096MTM _b05 _c20150213 _lUCH01 _h1358 |
||
| 650 | 1 | 4 |
_aAgrónomos mexicanos. _92208 |
| 700 | 0 |
_aMerino Rábago, Francisco. _974984 |
|
| 901 | _aBK | ||
| 942 | _cFOLL | ||
| 942 | _n0 | ||
| 949 |
_aFolleto 14082 _bBC _cFOLL _d-18192 _eTS1 _gI. c/e _i8070 _si |
||
| 949 |
_aFolleto 14082 _bBC _cFOLL _d-72492 _eTS2 _fc.2 _i8070 _si |
||
| 949 |
_aFolleto 14082 _bBC _cFOLL _d-72493 _eTS2 _fc.3 _i8070 _si |
||
| 949 |
_aFolleto 14082 _bBC _cUACH _d-72494 _eUACH _fc.4 _i8070 _si |
||
| 999 |
_c7866 _d7866 |
||